| 000 | 01046nam a22003137a 4500 | ||
|---|---|---|---|
| 003 | BPGM | ||
| 005 | 20260704193209.0 | ||
| 008 | 260704s1999 mx o|||gr||||s001 0 spa d | ||
| 020 | _aSIN ISBN | ||
| 040 |
_aBPGM _bspa |
||
| 041 |
_aSPA _hSPA |
||
| 082 | 0 | 4 |
_a972.7245 _bS47 |
| 110 | _aGOBIERNO DEL ESTADO DE QUERÉTARO | ||
| 245 | _aOBRAS DE MANUEL SEPTIÉN Y SEPTIÉN | ||
| 260 |
_aQUERÉTARO, MÉXICO, _bGOBIERNO DEL ESTADO DE QUERÉTARO. _c1999 |
||
| 300 |
_a4 VOLUMENES _c23 cm. x 16.5 cm. |
||
| 336 |
_2rdacontent _atexto _btxt |
||
| 337 |
_2rdamedia _asin mediación _bn |
||
| 338 |
_2rdacarrier _avolumen _bnc |
||
| 490 | 0 | _aOBRAS DE MANUEL DE SEPTIÉN Y SEPTIÉN. | |
| 505 | _aV.1 - HISTORIA DE QUERÉTARO. | ||
| 505 | _aV.2 - OBRAS MONOGRÁFICAS. | ||
| 505 | _aV.3 - DOCUMENTOS PARA LA HISTORIA DE QUERÉTARO. | ||
| 505 | _aV.4 - ARTÍCULOS HISTÓRICOS. | ||
| 650 | _2MESOAMÉRICA (AMÉRICA MEDIA) MÉXICO. | ||
| 650 | _2HISTORIA GENERAL DE AMÉRICA DEL NORTE. | ||
| 650 | _2GEOGRAFÍA E HISTORIA. | ||
| 942 |
_2ddc _cCOLQ |
||
| 999 |
_c68758 _d68758 |
||